Basic Philosophy Terms - Statistics

General Stats
  • This quiz has been taken 30 times
  • The average score is 3 of 13
Answer Stats
Hint Answer % Correct
A unit of reasoning that consists of a belief and reasons that support that belief Argument
70%
The belief that the premises are used to support Conclusion
48%
Reasons used to support a belief Premise
48%
If an arguments premises force the conclusion to be true it is ____ Valid
37%
Making abstract or difficult concepts more comprehensible through comparison Analogy
30%
The specific formal structure of an argument as two premises and a conclusion Syllogism
30%
Imagined scenarios or situations created by philosophers to test ideas and explore the boundaries of concepts or examine the implications of theories Thought experiment
26%
An argument technique where you follow someone's argument to its logical conclusion to show that it leads to something absurd or contradictory, thereby proving the original position is flawed Reductio Ad Absurdum
19%
When both premises are true and the argument is valid Soundness
7%
Arguments where the conclusion is presented as following on from the premises Deductive Arguments
4%
Arguments where the conclusion follows on from the premises using probability Inductive Arguments
4%
A way of presenting arguments in a way that produces the most clarity Standard Form
0%
When there is a premise that hasn't been stated and needs to be addressed Unstated Premise
0%
No matching quizzes found
Score Distribution
Percent of People with Each Score
Percentile by Number Answered
Your Score History
You have not taken this quiz